| 000 | 02434cam a2200277 a 4500 | ||
|---|---|---|---|
| 001 | BD-DhSAU 4898 | ||
| 003 | BD-DhSAU | ||
| 005 | 20150302094130.0 | ||
| 008 | 150302s2009 enka ob 001 0 eng | ||
| 020 | _a9780195171631 (cloth : alk. paper) | ||
| 020 | _a0195171632 (cloth : alk. paper) | ||
| 040 | _aBD-DhSAU | ||
| 082 |
_a- _b- |
||
| 100 | 1 | _aDe Kuijper, Mia. | |
| 245 | 1 | 0 |
_aProfit power economics : _ba new competitive strategy for creating sustainable wealth / _cMia de Kuijper. |
| 260 |
_aOxford ; _aNew York : _bOxford University Press, _c2009. |
||
| 500 | _aOxford scholarship online Economics and Finance | ||
| 504 | _aIncludes bibliographical references (p. 281-295) and index. | ||
| 505 | 0 | _aIntroduction -- The key to profit power. The power node strategy -- Understanding the transparent economy. The star driver : the vanishing cost of information -- The two trends of transparency : perfect information and interdependent decision making -- Perfect information and imperfect markets -- The new paradigm : powerlaw economics -- How transparency alters the building blocks of profits. The four strategic decisions in transparency -- Ownership focused on profit power -- The shape of the 21st-century firm -- Three-dimensional competition -- Strategies for powerlaw marketplaces -- The four rules for maximizing profits in transparency. From the four strategic decisions to the four rules -- Power nodes : transparency's sources of profits and competitive weapons. The 12 power nodes -- Managing the power nodes -- The four rules method for maximizing profits. The four rules templates and how to use them -- Rule #1 : Power node evaluation and action plan templates -- Rule #2 : 21st-century business model evaluation and action plan templates -- Rule #3 : 3-D competition evaluation and action plan templates -- Rule #4 : Powerlaw marketplace evaluation and action plan templates -- Strategies for investors. The four rules method : added value for investors -- Conclusion. On gaining perspective. | |
| 590 | _aroy | ||
| 650 | 0 | _aStrategic planning. | |
| 650 | 0 | _aProfit. | |
| 650 | 0 |
_aInformation technology _xManagement. |
|
| 856 |
_uhttp://www.oxfordscholarship.com/view/10.1093/acprof:oso/9780195171631.001.0001/acprof-9780195171631?rskey=tZ94Vo&result=104 _y Full text through SAU LAN |
||
| 856 |
_u http://doi.org/10.1093/acprof:oso/9780195171631.001.0001 _y DOI : Full text through SAU LAN |
||
| 942 |
_2ddc _cOnline book |
||
| 999 |
_c4898 _d4898 |
||